skbl

Dr Suryya Kumar Bhuyan Library Web-OPAC
ডঃ সূৰ্য্য
কুমাৰ ভূঞা পুথিভঁৰাল ৱেব-অ'পেক

All Research Scholars are advised to clear the annual library fees to continue using Library Resources, Remote Access, Plagiarism Test and Library Clearance.

Cotton University Book Fair 2026

Folk Songs Of The Maikal Hills / (Record no. 45324)

MARC details
000 -LEADER
fixed length control field 00722nam a2200265Ia 4500
001 - CONTROL NUMBER
control field 45359
005 - DATE AND TIME OF LATEST TRANSACTION
control field 20240114003708.0
007 - PHYSICAL DESCRIPTION FIXED FIELD--GENERAL INFORMATION
fixed length control field ta
008 - FIXED-LENGTH DATA ELEMENTS--GENERAL INFORMATION
fixed length control field 090310s1944 a g b000 u 465 u
020 ## - INTERNATIONAL STANDARD BOOK NUMBER
Terms of availability HB
040 ## - CATALOGING SOURCE
Original cataloging agency Cotton College,Assam
041 ## - LANGUAGE CODE
Language code of text/sound track or separate title 465
082 ## - DEWEY DECIMAL CLASSIFICATION NUMBER
Classification number 572.9544
Item number Ei 87 F
100 ## - MAIN ENTRY--PERSONAL NAME
Personal name Elwin, Verrier .
245 #0 - TITLE STATEMENT
Title Folk Songs Of The Maikal Hills /
Statement of responsibility, etc. Verrier Elwin & Shamrao Hivale.
Medium Textual Documents
250 ## - EDITION STATEMENT
Edition statement 1st /
260 ## - PUBLICATION, DISTRIBUTION, ETC.
Place of publication, distribution, etc. London :
Name of publisher, distributor, etc. Oxford University Press ,
Date of publication, distribution, etc. 1944.
300 ## - PHYSICAL DESCRIPTION
Extent xxix,410p. :
Other physical details In 2 M ;
Dimensions 23 cm. .
653 ## - INDEX TERM--UNCONTROLLED
Uncontrolled term T/G-Music
653 ## - INDEX TERM--UNCONTROLLED
Uncontrolled term T/G-Life Science
700 ## - ADDED ENTRY--PERSONAL NAME
Personal name Hivale, Shamrao .
942 ## - ADDED ENTRY ELEMENTS (KOHA)
Source of classification or shelving scheme Dewey Decimal Classification
Koha item type Books
Holdings
Withdrawn status Lost status Damaged status Not for loan Collection Home library Current library Date acquired Coded location qualifier Total checkouts Full call number Barcode Date last seen Copy number Price effective from Koha item type
          Dr. Suryya Kumar Bhuyan Library Dr. Suryya Kumar Bhuyan Library 01/02/2012 00000   572.9544 Ei 87 F 278.161 14/01/2024 1 01/02/2012 Books

Designed and Maintained by Team SKBL
©1901-2026

Powered by Koha